Statistics for Madden NFL 22 Top 50 CBs

Click here to take the quiz!

General Stats

  • This quiz has been taken 143 times
    (134 since last reset)
  • The average score is 24 of 50

Answer Stats

ClubOverallPlayer% Correct
Los Angeles Rams99Jalen Ramsey
100%
Green Bay Packers95Jaire Alexander
95%
Buffalo Bills93Tre'Davious White
92%
Carolina Panthers97Stephon Gilmore
91%
Philadelphia Eagles90Darius Slay Jr.
85%
Cleveland Browns89Denzel Ward
82%
Baltimore Ravens91Marlon Humphrey
81%
Miami Dolphins89Xavien Howard
80%
New Orleans Saints88Marshon Lattimore
75%
Baltimore Ravens88Marcus Peters
71%
New York Giants82Adoree' Jackson
70%
Carolina Panthers82Donte Jackson
70%
New England Patriots87JC Jackson
70%
Washington Football Team84William Jackson III
70%
Miami Dolphins87Byron Jones
69%
New York Giants88James Bradberry IV
68%
New England Patriots82Jonathan Jones
68%
Washington Football Team88Kendall Fuller
63%
Denver Broncos83Kyle Fuller
63%
Denver Broncos79Patrick Surtain II
60%
Las Vegas Raiders90Casey Hayward Jr.
53%
Chicago Bears81Jaylon Johnson
50%
Buffalo Bills80Taron Johnson
50%
Los Angeles Chargers86Chris Harris Jr.
47%
Atlanta Falcons81A.J. Terrell Jr.
46%
Dallas Cowboys81Trevon Diggs
45%
Los Angeles Rams84Darious Williams
44%
San Francisco 49ers80K'Waun Williams
44%
Tampa Bay Buccaneers83Carlton Davis III
43%
Arizona Cardinals82Byron Murphy Jr.
36%
Indianapolis Colts83Kenny Moore II
34%
Jacksonville Jaguars85Shaquill Griffin
32%
Denver Broncos86Bryce Callahan
30%
Baltimore Ravens82Jimmy Smith
29%
Houston Texans81Desmond King II
28%
Kansas City Chiefs79L'Jarius Sneed
28%
Tampa Bay Buccaneers80Sean Murphy-Bunting
28%
Pittsburgh Steelers80Joe Haden
27%
Tampa Bay Buccaneers82Jamel Dean
26%
Cincinnati Bengals80Chidobe Awuzie
25%
San Francisco 49ers84Jason Verrett
25%
Carolina Panthers83A.J. Bouye
22%
Cleveland Browns79Greg Newsome II
21%
Cincinnati Bengals82Mike Hilton
21%
New Orleans Saints84Bradley Roby
19%
Indianapolis Colts80Xavier Rhodes
19%
Denver Broncos79Ronald Darby
16%
Las Vegas Raiders82Trayvon Mullen Jr.
15%
Philadelphia Eagles80Steven Nelson
11%
Las Vegas Raiders79Desmond Trufant
4%

Score Distribution

Percentile by Number Answered

Percent of People with Each Score

Your Score History

You have not taken this quiz since the last reset